|
ห้องสมุด วิทยาลัยพยาบาลบรมราชชนนี อุดรธานี
Boromarajonani College of Nursing, Udonthani
|


|
mysqli: Table './ulib2015/stat_globaluid' is marked as crashed and last (automatic?) repair failed
select id from stat_globaluid where statuid='20260418003520_3868'
mysqli: Table './ulib2015/stat_globaluid' is marked as crashed and last (automatic?) repair failed
DELETE FROM stat_globaluid
WHERE id NOT IN (
SELECT id
FROM (
SELECT id
FROM stat_globaluid
ORDER BY id DESC
LIMIT 100
) foo
);
mysqli: Table './ulib2015/stat_globaluid' is marked as crashed and last (automatic?) repair failed
insert into stat_globaluid set
statuid='20260418003520_3868',
dt='1776447320',
phpself='/ULIB/dublinfull.php',
agent='Mozilla/5.0 AppleWebKit/537.36 (KHTML, like Gecko; compatible; ClaudeBot/1.0; +claudebot@anthropic.com)',
yea='2026',
mon='4',
dat='18',
ip='216.73.216.55'
| LEADER 00566nam 2200193 a 4500 |
| 001 9022 |
| 003 ULIBM |
| 008 260111s2544 th m a000 0 tha d |
| 024 974-03-0087-1
|
| 050 4 ^a QW 540 ^bส239S 2544.
|
| 245 00 ^a Systemic Lupus Erythematosus (SLE) /^cสมชาย เอี่ยมอ่อง.
|
| 250 ^a พิมพ์ครั้งที่ 1.
|
| 260 ^a กรุงเทพฯ:^b จุฬาลงกรณ์มหาวิทยาลัย,^c2544.
|
| 300 ^a 431 หน้า
|
| 650 7 ^a โรคลูปสุ.
|
| 710 2 ^a สมชาย เอี่ยมอ่อง.
|
| 945 ^p0^l0^i13633
|
| 945 ^p0^l0^i13634
|
| 945 ^p0^l0^i13635
|
| 945 ^p0^l0^i13636
|
| 945 ^p0^l0^i13637 |
| 999 ^aลิขิตลักษณ์
|
| คุณยังไม่ได้ล็อกอิน คุณสามารถมีกิจกรรมร่วมกับเว็บไซต์ได้ แต่ต้องล็อกอินก่อน :: |
|
| ลำดับที่ |
ประเภท |
เลขเรียก/บาร์โค้ด |
สถานที่ |
สถานะ |
| 1. |
 หนังสือการพยาบาล | QW 540 ส239S 2544. ฉ.5 Barcode: 13637 | หนังสือทั่วไป | On Shelf |
| [แสดง 1/1 รายการ] |
mysqli: Can't create/write to file '/var/tmp/#sql_59d_1.MAI' (Errcode: 2)
select * from index_db where titl like '%Systemic Lupus Erythematosus (SLE) / สมชาย เอี่ยมอ่อง.%' and mid<>'9022' order by rand() limit 3
mysqli: Can't create/write to file '/var/tmp/#sql_59d_1.MAI' (Errcode: 2)
select * from index_db where subj like '%โรคลูปสุ.%' and mid<>'9022' order by rand() limit 3
|
ยังไม่เคยถูกคอมเมนท์
|
| คอมเมนท์ทรัพยากรรายการนี้ |
|